[Event "It (open)"]
[Site "masterchessopen.com Leutersdorf (Germany)"]
[Round "3"]
[White "Siedentopf Daniel (GER)"]
[Black "Ksieski Zbigniew (POL)"]
[Result "0-1"]
[WhiteElo "2165"]
[BlackElo "2377"]

1.d4 Nf6 2.c4 e6 3.Nc3 Bb4 4.e3 O-O 5.Ne2 Re8 6.a3 Bf8 7.e4 d5 8.e5 Nfd7 9.c5
f6 10.f4 b6 11.b4 a5 12.Be3 c6 13.Ng3 Ba6 14.Bxa6 Nxa6 15.Rb1 axb4 16.axb4
bxc5 17.bxc5 Qa5 18.Qd2 fxe5 19.fxe5 Naxc5 20.dxc5 Nxe5 21.O-O Nc4 22.Rxf8+
Rxf8 23.Qd3 Nxe3 24.Qxe3 e5 25.Rb7 Qa1+ 26.Rb1 d4 27.Qxe5 dxc3 28.Re1 Qb2
29.Nf5 Rf6 30.h3 Raf8 31.Rf1 Rxf5 {#R} 0-1

[Event "It (open)"]
[Site "masterchessopen.com Naujac sur Mer (France)"]
[Round "1"]
[White "Laurain Dominique (FRA)"]
[Black "Pilgaard Kim (DEN)"]
[Result "0-1"]
[WhiteElo "2084"]
[BlackElo "2383"]

1.d4 Nf6 2.c4 e6 3.Nc3 Bb4 4.e3 O-O 5.Ne2 d5 6.a3 Be7 7.Ng3 c5 8.Be2 cxd4
9.exd4 dxc4 10.Bxc4 a6 11.O-O b5 12.Be2 Bb7 13.Be3 Nbd7 14.Bf3 Bxf3 15.Qxf3
Nb6 16.Rad1 Nbd5 17.Nce4 Rc8 18.Nc5 a5 19.Nge4 a4 20.Rc1 Qb6 21.Nxf6+ Nxf6
22.Rc2 Rc7 23.Rfc1 Nd5 24.Bf4 Nxf4 25.Qxf4 Bd6 26.Qe3 Rd8 27.f4 h6 28.g3 Qa7
29.Qe2 Be7 30.Qe4 Bf6 31.Rd1 Rxc5 32.Rxc5 Bxd4+ {#R} 0-1

[Event "Ch Marshall Chess Club"]
[Site "masterchessopen.com New York (USA)"]
[Round "8"]
[White "Figler Ilye (USA)"]
[Black "Ehlvest Jaan (USA)"]
[Result "0-1"]
[WhiteElo "2380"]
[BlackElo "2631"]

1.d4 Nf6 2.c4 e6 3.Nc3 Bb4 4.e3 O-O 5.Ne2 d5 6.a3 Be7 7.Ng3 b6 8.b4 c5 9.bxc5
bxc5 10.dxc5 Bb7 11.Rb1 Qc7 12.Qb3 Bc6 13.cxd5 Nxd5 14.Nxd5 Bxd5 15.Bc4 Bc6
16.Bb5 Nd7 17.Bxc6 Qxc6 18.Qb7 Rfc8 19.Qxc6 Rxc6 20.Rb7 Nxc5 21.Rb1 Nd3+
22.Ke2 Rd8 23.Rf1 Rc2+ 24.Kf3 f5 25.Nh5 Rdc8 26.Rb7 Bf8 27.Rd1 Ne5+ 28.Kf4
Rxc1 29.Rxc1 Ng6+ 30.Kf3 Rxc1 31.Rxa7 Ne5+ 32.Kg3 Nc6 33.Rb7 e5 34.f3 Be7
35.Kh3 g6 36.Ng3 Kf7 {#R} 0-1

[Event "Ch Russia (1 liga) (w)"]
[Site "masterchessopen.com Serpukhov (Russia)"]
[Round "5"]
[White "Zaiatz Elena (RUS)"]
[Black "Shadrina Tatiana (RUS)"]
[Result "0-1"]
[WhiteElo "2400"]
[BlackElo "2401"]

1.d4 Nf6 2.c4 e6 3.Nc3 Bb4 4.e3 O-O 5.Ne2 d5 6.a3 Be7 7.cxd5 exd5 8.b4 Bf5
9.f3 Re8 10.Nf4 Bd6 11.Kf2 Bxf4 12.exf4 Nbd7 13.Be2 Nb6 14.g4 Bd7 15.f5 Qe7
16.Bf4 Na4 17.Rc1 Nxc3 18.Rxc3 Ba4 19.Qd2 c6 20.b5 Bxb5 21.Bxb5 cxb5 22.Qb2
Rac8 23.Rhc1 Rc4 24.g5 Nh5 25.Re3 Qd7 26.Rxe8+ Qxe8 27.Re1 Qc6 28.Bd2 h6
29.Re2 Rc2 30.Qb1 hxg5 31.Kf1 Nf4 32.Bxf4 Rxe2 33.Kxe2 gxf4 34.Kd2 Qc4 35.Qg1
Qa2+ {#R} 0-1

[Event "It (open)"]
[Site "masterchessopen.com Szombathely (Hungary)"]
[Round "6"]
[White "Zakharchenko Arnold (UKR)"]
[Black "Csiszar Csaba (HUN)"]
[Result "1-0"]
[WhiteElo "2302"]
[BlackElo "2387"]

1.d4 Nf6 2.c4 e6 3.Nc3 Bb4 4.e3 O-O 5.Ne2 c5 6.a3 cxd4 7.axb4 dxc3 8.Nxc3 d5
9.cxd5 exd5 10.Be2 Be6 11.O-O Qb6 12.b5 Nbd7 13.Na4 Qd6 14.Qd4 Rfe8 15.Bd2 Bg4
16.f3 Be6 17.Bb4 Qb8 18.Bc3 Rc8 19.b6 a6 20.g4 Ne8 21.f4 Ndf6 22.f5 Bd7 23.Nc5
Bc6 24.g5 Ne4 25.Nxe4 dxe4 26.g6 f6 27.Bc4+ Kh8 28.Qd1 h6 29.Qb3 Qd6 30.Rad1
Qc5 31.Bd4 Qe7 32.Be6 Bb5 33.Bxc8 Bxf1 34.Qf7 {#r} 1-0

[Event "It (open)"]
[Site "masterchessopen.com Venice (Italy)"]
[Round "1"]
[White "Alberti Andrea (ITA)"]
[Black "Quaranta Cristiano (ITA)"]
[Result "1-0"]
[WhiteElo "2179"]
[BlackElo "2091"]

1.d4 Nf6 2.c4 e6 3.Nc3 Bb4 4.e3 O-O 5.Ne2 d5 6.a3 Be7 7.Ng3 dxc4 8.Bxc4 c5
9.O-O cxd4 10.exd4 Nc6 11.Be3 b6 12.d5 Na5 13.Ba2 exd5 14.Nxd5 Nxd5 15.Bxd5
Bb7 16.Bxb7 Nxb7 17.Qf3 Nc5 18.Rad1 Qc8 19.Bd4 Ne6 20.Nf5 Bc5 21.Qg4 f6 22.b4
h5 23.Qxh5 Nxd4 24.Rxd4 Qe8 25.Qxe8 Rfxe8 26.bxc5 Re5 27.g4 Rxc5 28.Rd7 Kh8
29.Re1 {#r} 1-0

[Event "It (open)"]
[Site "masterchessopen.com Zadar (Croatia)"]
[Round "1"]
[White "Gomboc Miha (SLO)"]
[Black "Leventic Ivan (CRO)"]
[Result "0-1"]
[WhiteElo "2192"]
[BlackElo "2502"]

1.d4 Nf6 2.c4 e6 3.Nc3 Bb4 4.e3 O-O 5.Ne2 d5 6.a3 Be7 7.Nf4 c6 8.Be2 Nbd7
9.O-O dxc4 10.Bxc4 e5 11.dxe5 Nxe5 12.Ba2 Qc7 13.e4 b5 14.Qc2 Qb8 15.Kh1 a5
16.Nfe2 b4 17.axb4 axb4 18.f4 b3 19.Bxb3 Rxa1 20.fxe5 Qxe5 {#R} 0-1

[Event "It (young masters) (cat.5)"]
[Site "masterchessopen.com Zug (Switzerland)"]
[Round "3"]
[White "Moor Olivier (SUI)"]
[Black "Berkvens Joost (NED)"]
[Result "0-1"]
[WhiteElo "2388"]
[BlackElo "2453"]

1.d4 Nf6 2.c4 e6 3.Nc3 Bb4 4.e3 O-O 5.Ne2 d5 6.a3 Bd6 7.Ng3 b6 8.cxd5 exd5
9.b4 Re8 10.Bd3 c5 11.bxc5 bxc5 12.O-O c4 13.Bb1 Nc6 14.Qc2 g6 15.f3 Rb8
16.Qf2 Bc7 17.Kh1 Na5 18.Ra2 Nb3 19.Bb2 Qe7 20.Nd1 Ba6 21.Rg1 Rb6 22.Bc2 Re6
23.Bc3 Bd6 24.a4 Nc1 25.Ra1 Nd3 26.Bxd3 cxd3 27.Bd2 Rc8 28.Nc3 Bb4 29.Rgc1
Rec6 30.Qe1 Qc7 31.Nxd5 Nxd5 32.Rxc6 Qxc6 {#R} 0-1

[Event "Oberliga North North 2002/03"]
[Site "masterchessopen.com Germany"]
[Date "2003.02.23"]
[Round "7"]
[White "Kopylova Luba (GER)"]
[Black "Hermansson Emil (SWE)"]
[Result "0-1"]
[WhiteElo "2216"]
[BlackElo "2414"]

1.d4 Nf6 2.c4 e6 3.Nc3 Bb4 4.e3 O-O 5.Ne2 d5 6.a3 Be7 7.cxd5 exd5 8.Ng3 Re8
9.Bd3 c5 10.O-O Nc6 11.dxc5 Bxc5 12.b4 Bb6 13.Na4 Bc7 14.Bb2 Ng4 15.Bf5 Bxf5
16.Nxf5 Bxh2+ 17.Kh1 Qg5 18.f3 Nxe3 19.Nxe3 Bg3 20.Re1 Rxe3 21.Rxe3 Qh6+
22.Kg1 Qxe3+ 23.Kh1 Qh6+ 24.Kg1 Re8 25.Bd4 Nxd4 26.Qxd4 Re2 27.Kf1 Rd2 28.Qg1
Qa6+ {#R} 0-1

[Event "It (open)"]
[Site "masterchessopen.com Andorra"]
[Date "2003.07.05"]
[Round "5"]
[White "Amigo Villalta Jordi (ESP)"]
[Black "Gallego Eraso Patxi (ESP)"]
[Result "0-1"]
[WhiteElo "2156"]
[BlackElo "2376"]

1.d4 Nf6 2.c4 e6 3.Nc3 Bb4 4.e3 O-O 5.Ne2 Re8 6.a3 Bf8 7.d5 d6 8.Ng3 g6 9.Be2
Bg7 10.O-O Nbd7 11.e4 e5 12.h4 h5 13.Bg5 Nf8 14.Qd2 N8h7 15.Rfd1 Nxg5 16.Qxg5
Kh7 17.Nf1 Bh6 18.Qg3 Rg8 19.Qd3 Ng4 20.g3 f5 21.Bxg4 fxg4 22.Kg2 Rf8 23.Nh2
g5 24.hxg5 Qxg5 25.Rh1 h4 26.gxh4 Qxh4 27.Qg3 Qh3+ 28.Kg1 Qxg3+ 29.fxg3 Be3+
30.Kg2 Rf2+ 31.Kg1 Rxb2+ 32.Kf1 Kg7 33.Nd1 Rb3 34.Nf2 Bd4 {#R} 0-1

[Event "Ch France (team) (nat.3) 2003/04"]
[Site "masterchessopen.com France"]
[Date "2003.11.16"]
[Round "3"]
[White "Lauferon Patrick (FRA)"]
[Black "Lauradoux Cedric (FRA)"]
[Result "1-0"]
[WhiteElo "2219"]
[BlackElo "2123"]

1.d4 Nf6 2.c4 e6 3.Nc3 Bb4 4.e3 O-O 5.Ne2 b5 6.a3 Bxc3+ 7.Nxc3 bxc4 8.Bxc4 Bb7
9.O-O d5 10.Bd3 Nbd7 11.b4 Ne4 12.Ne2 a5 13.Bd2 axb4 14.Bxb4 Re8 15.Rc1 Rc8
16.Qb3 Ba8 17.Bb5 c6 18.Ba6 Rb8 19.Qc2 e5 20.f3 Qg5 21.fxe4 Qxe3+ 22.Kh1 dxe4
23.Bc4 Nf6 24.dxe5 Nd5 25.Bd6 Rbd8 26.Nc3 Qg5 27.Nxe4 {#r} 1-0

[Event "Staatsliga B East 2003/04"]
[Site "masterchessopen.com Austria"]
[Date "2003.12.07"]
[Round "6"]
[White "Kocsisek Marcus (AUT)"]
[Black "Froschauer Hans (AUT)"]
[Result "1-0"]
[WhiteElo "2220"]
[BlackElo "2122"]

1.d4 Nf6 2.c4 e6 3.Nc3 Bb4 4.e3 O-O 5.Ne2 d5 6.a3 Bd6 7.c5 Be7 8.Nf4 b6 9.b4
a5 10.Rb1 bxc5 11.bxc5 Ba6 12.Bxa6 Rxa6 13.Qd3 Ra8 14.O-O Nbd7 15.Rd1 c6 16.e4
e5 17.exd5 exf4 18.d6 Nh5 19.dxe7 Qxe7 20.Qf3 Qh4 21.Qxc6 Ndf6 22.Qf3 g5
23.Qh3 {#r} 1-0

[Event "It (cat.13)"]
[Site "masterchessopen.com Wijk aan Zee (Netherlands)"]
[Round "3"]
[White "Nakamura Hikaru (USA)"]
[Black "Lobron Eric (GER)"]
[Result "1-0"]
[WhiteElo "2620"]
[BlackElo "2509"]

{ Lobron Eric (GER) +2 =0 -0 } 1.d4 { 1 } 1...Nf6 2.c4 e6 3.Nc3 Bb4 4.e3 O-O
5.Ne2 d5 6.a3 Bd6 ( 6...Be7 7.Nf4 c6 8.cxd5 exd5 9.Bd3 Re8 10.Qc2 Bd6 11.Nfe2
Nbd7 12.Bd2 Nf8 13.f3 c5 14.Nb5 b6 15.Nxd6 Qxd6 16.O-O c4 17.Bf5 b5 18.Ng3 a5
19.Bxc8 Rexc8 20.Nf5 Qd7 21.e4 Ne6 22.Be3 b4 23.axb4 axb4 24.Rxa8 Rxa8 25.exd5
Nxd5 26.Qxc4 { ...0-1, Resende Antonio Carlos 2370 - Lobron Eric 2540 , New
York 1997 It (open) } ) 7.c5 Be7 8.b4 b6 9.Nf4 { =/? } ( 9.Ng3 a5 10.Bd2 c6
11.Na4 Nbd7 12.Be2 Ba6 13.O-O axb4 14.axb4 Qc8 15.Bc3 Qb7 16.f3 Rfb8 17.e4
bxc5 18.Nxc5 Bxe2 19.Qxe2 Nxc5 20.dxc5 Rxa1 21.Rxa1 Ra8 22.Rxa8+ Qxa8 23.e5
Ne8 24.Qd2 Nc7 25.Ne2 Nb5 26.Nd4 Nxd4 27.Bxd4 Qa4 28.g3 Kf8 { ...0-1, Lajthajm
Borko 2452 - Iordachescu Viorel 2634 , Budva 2003 Ch Serbia & Montenegro
(team) } ) 9...bxc5 ( 9...a5 10.Bb2 c6 11.Nd3 Ba6 12.Qc2 h6 13.Be2 Nfd7 14.f4
Bxd3 15.Bxd3 f5 16.O-O b5 17.Kh1 Nf6 18.Ne2 a4 19.Ng1 Ne4 20.Nf3 Nd7 21.Ne5
Nxe5 22.dxe5 Qe8 23.Bxe4 fxe4 24.g4 Qg6 25.Qg2 Qh7 26.Qh3 h5 27.Rg1 hxg4
28.Qxg4 Rf5 29.Rg3 { ...0-1, Miasoedov G - Ostrovsky Alexander 2382 ,
Kramatorsk 2001 Ch Ukraine (juniors) (under 12) } ) 10.bxc5 { } 10...c6 { N }
( 10...Ba6 11.Bxa6 Nxa6 12.O-O Nb8 13.Bd2 Nc6 14.Qa4 Qd7 15.Nd3 a5 16.f3 Rfd8
17.Rfb1 Ne8 18.f4 Nf6 19.Rb7 Ne4 20.Be1 g5 21.Ne5 Nxe5 22.fxe5 Qxa4 23.Nxa4
Rdc8 24.Rab1 Kf8 25.R1b5 Ke8 26.Nb2 a4 27.Kf1 f6 28.Nd3 fxe5 29.Nxe5 Bf6
30.Nc6 { ...0-1, Saidy Anthony F 2345 - Fischer Robert J 2780 , New York 1960
Ch USA } ) 11.Be2 Qc7 12.Nd3 Ba6 13.O-O Nbd7 14.Rb1 Bc4 15.Bd2 Rfb8 16.Rxb8+
Rxb8 17.Nb4 Bxe2 { } ( 17...a5 { !? } 18.Na6 Bxa6 19.Bxa6 e5 { } ) 18.Qxe2 { }
( 18.Nxe2 { !? } 18...Rc8 19.f3 e5 20.Ng3 { } ) 18...Rb7 19.f3 a5 20.Nd3 Rb3 {
} ( 20...e5 { !? } 21.Qd1 Rb8 22.Qa4 Nh5 { } ) 21.Qd1 { } ( 21.Be1 { !? }
21...Qb7 22.a4 Bd8 23.Qc2 { } ) 21...Qb7 { } ( 21...Rxa3 { !? } 22.Qc2 a4
23.Nxa4 Qa7 { } ) 22.Qc2 Bd8 23.a4 Nb8 { ? } ( { ? } 23...Bc7 24.Nb5 Rxd3
25.Qxd3 cxb5 { } ) 24.e4 { ? } ( 24.Ra1 { !? } 24...Na6 25.Nd1 Bc7 26.Nc1 { }
) 24...Bc7 25.e5 Nfd7 26.f4 g6 27.Rc1 Qa6 28.Nb5 Rxb5 29.axb5 cxb5 30.c6 { ! }
( 30.Ra1 { ? } 30...Nc6 31.Bc3 Qa8 32.Bb2 { } ) 30...Nb6 { ? } ( 30...Nf8 { !?
} 31.Kf2 b4 32.Be3 h5 { } ) 31.f5 Nc4 32.fxe6 fxe6 33.Bh6 { } {#r} 1-0

[Event "Tournament (provincial)"]
[Site "masterchessopen.com Valencia (Spain)"]
[Date "2004.01.17"]
[Round "1"]
[White "Calvo Alfonso Vicent (ESP)"]
[Black "Gil Gimenez Jose Vicente (ESP)"]
[Result "1-0"]
[WhiteElo "2127"]
[BlackElo "2053"]

1.d4 Nf6 2.c4 e6 3.Nc3 Bb4 4.e3 O-O 5.Ne2 b6 6.a3 Be7 7.e4 Ba6 8.Ng3 d5 9.e5
Ne8 10.cxd5 Bxf1 11.Nxf1 exd5 12.Ne3 c6 13.O-O Qc8 14.b4 b5 15.Qb3 Nc7 16.Bd2
Kh8 17.Rac1 Qe6 18.Ne2 f5 19.g3 g5 20.f4 g4 21.Kf2 Kg7 22.Rh1 Qg6 23.h3 h5
24.Qc2 Ne6 25.hxg4 hxg4 26.Rh2 a5 27.Rch1 Ng5 28.fxg5 Bxg5 29.Rh7+ Kg8 30.Rh8+
Kf7 31.Rxf8+ Kxf8 32.Nf4 Bxf4 33.gxf4 axb4 34.Bxb4+ Kg8 35.Nxf5 {#r} 1-0

[Event "Ch Ukraine (juniors) (under 14)"]
[Site "masterchessopen.com Kiev (Ukraine)"]
[Date "2004.02.05"]
[Round "2"]
[White "Kuzubov Yuriy (UKR)"]
[Black "Mjasoedov Gleb (UKR)"]
[Result "1-0"]
[WhiteElo "2530"]
[BlackElo "2190"]

1.d4 Nf6 2.c4 e6 3.Nc3 Bb4 4.e3 O-O 5.Ne2 d5 6.a3 Be7 7.cxd5 exd5 8.Ng3 c5
9.dxc5 a5 10.Na4 Nbd7 11.Qc2 Qc7 12.Bd2 b6 13.c6 Nc5 14.Bb5 Ba6 15.Bxa6 Rxa6
16.Nf5 Nfe4 17.Nc3 Rd8 18.Nb5 Qe5 19.Nfd4 Rc8 20.O-O Bd6 21.f4 Qf6 22.Bc3 Qg6
23.Qe2 Raa8 24.Rac1 Re8 25.Qf3 Rac8 26.Rfd1 Be7 27.Qh3 Bf8 28.Be1 Na4 29.Na7
Rc7 30.Nab5 Bd6 31.Nxc7 Bxc7 32.Nb5 {#r} 1-0

[Event "It (open)"]
[Site "masterchessopen.com Cappelle la Grande (France)"]
[Date "2004.03.01"]
[Round "3"]
[White "Santos Antonio P (POR)"]
[Black "Farago Ivan (HUN)"]
[Result "0-1"]
[WhiteElo "2258"]
[BlackElo "2455"]

1.d4 Nf6 2.c4 e6 3.Nc3 Bb4 4.e3 O-O 5.Ne2 d5 6.a3 Be7 7.cxd5 Nxd5 8.g3 c5
9.Bg2 Nb6 10.O-O Nc6 11.dxc5 Qxd1 12.Rxd1 Bxc5 13.Bd2 Bd7 14.Rac1 Be7 15.Nb5
Rfd8 16.Be1 Ne5 17.Nd6 Ba4 {#R} 0-1

[Event "Ch Russia (juniors) (under 12)"]
[Site "masterchessopen.com Dagomys (Russia)"]
[Round "0"]
[White "Purygin Andrei (RUS)"]
[Black "Vladimirov Ivan (RUS)"]
[Result "1-0"]
[WhiteElo "2257"]
[BlackElo "2154"]

1.d4 Nf6 2.c4 e6 3.Nc3 Bb4 4.e3 O-O 5.Ne2 d5 6.a3 Be7 7.Nf4 dxc4 8.Bxc4 c5
9.dxc5 Bxc5 10.O-O a6 11.Be2 Qc7 12.Qc2 b5 13.Bd3 Ra7 14.Ne4 Nxe4 15.Bxe4 f5
16.Bf3 Qe7 17.b4 Bd6 18.Bb2 Bb7 19.Bd4 Bxf3 20.Bxa7 Be4 21.Qd2 Bxf4 22.Bc5
Bxh2+ 23.Kxh2 Qh4+ 24.Kg1 Bxg2 25.f3 Qh1+ 26.Kf2 Bxf1 27.Bxf8 Qg2+ 28.Ke1 Kxf8
29.Qxg2 Bxg2 30.Kf2 Bh3 {#r} 1-0

[Event "Ch Russia (juniors) (under 14)"]
[Site "masterchessopen.com Dagomys (Russia)"]
[Round "3"]
[White "Sharafiev Azat (RUS)"]
[Black "Omariev Maksim (RUS)"]
[Result "1-0"]
[WhiteElo "2252"]
[BlackElo "2128"]

1.d4 Nf6 2.c4 e6 3.Nc3 Bb4 4.e3 O-O 5.Ne2 d5 6.Nf4 c6 7.Bd2 dxc4 8.Bxc4 b5
9.Be2 a6 10.Nd3 Bd6 11.O-O Nbd7 12.Bf3 Qc7 13.h3 Bb7 14.b4 a5 15.bxa5 e5
16.Be1 b4 17.Ne4 Nxe4 18.Bxe4 f5 19.dxe5 Nxe5 20.Bf3 Nxd3 21.Qxd3 Kh8 22.Qb3
Ba6 23.Qc2 Bxf1 24.Kxf1 Rxa5 25.a4 Rb8 26.Rb1 c5 27.Bd5 c4 28.Qxc4 Qxc4+
29.Bxc4 Rxa4 {#r} 1-0

[Event "Bundesliga 2003/04"]
[Site "masterchessopen.com Germany"]
[Date "2004.04.25"]
[Round "15"]
[White "Graf Alexander (GER)"]
[Black "Stefansson Hannes (ISL)"]
[Result "1-0"]
[WhiteElo "2646"]
[BlackElo "2549"]

{ } 1.d4 { 1 } 1...Nf6 2.c4 e6 3.Nc3 Bb4 4.e3 O-O 5.Ne2 d5 6.a3 Bd6 7.Ng3 { =
} 7...Re8 ( 7...c5 8.dxc5 Bxc5 9.cxd5 exd5 10.Bd3 Bg4 11.Nce2 Nc6 12.O-O Re8
13.h3 Bxe2 14.Nxe2 d4 15.b4 Bb6 16.b5 Ne5 17.Nxd4 Bxd4 18.exd4 Nxd3 19.Qxd3
Nd5 20.Bd2 Qd7 21.Rfe1 f6 22.a4 Rxe1+ 23.Rxe1 Re8 24.Rxe8+ Qxe8 25.a5 Qd7
26.Qc4 b6 27.a6 { ...0-1, Epishin Vladimir 2633 - Nielsen Peter Heine 2638 ,
Reykjavik 18. 3.2004 It (active) } ) ( 7...b6 8.Bd3 dxc4 9.Bxc4 Bb7 10.O-O
Nbd7 11.Qe2 Bxg3 12.hxg3 e5 13.b4 Qe7 14.Rd1 exd4 15.Rxd4 Ne5 16.Bb2 Nxc4
17.Qxc4 Rfd8 18.Nb5 Rxd4 19.Bxd4 c6 20.Nc3 Nd7 21.Ne2 c5 22.Bc3 Qe4 23.Qxe4
Bxe4 24.f3 Bc6 25.e4 f6 26.Kf2 Kf7 27.Rd1 { ...0-1, Vezzosi Paolo 2401 -
Huebner Robert Dr 2612 , Switzerland 2001 Ch Switzerland (team) 2001 } )
8.cxd5 ( 8.Bd3 c6 9.O-O e5 10.cxd5 cxd5 11.Nb5 e4 12.Nxd6 Qxd6 13.Be2 Nc6
14.a4 Be6 15.Bd2 Qd7 16.b4 Bg4 17.Bxg4 Nxg4 18.b5 Ne7 19.Bb4 Ng6 20.Rc1 Rac8
21.Rc5 Nh4 22.Qc2 Rxc5 23.Qxc5 Rc8 24.Qe7 Qxe7 25.Bxe7 Ng6 26.Nf5 Rc7 27.Bc5
b6 { ...1-0, Moor Olivier 2313 - Masserey Yvan 2329 , Switzerland 1999 Ch
Switzerland (team) } ) 8...exd5 9.Bd3 Nbd7 ( 9...a5 10.O-O c6 11.Qc2 Nbd7
12.e4 Bxg3 13.hxg3 dxe4 14.Nxe4 Nxe4 15.Bxe4 Nf6 16.Bd3 Qxd4 17.Bg5 h6 18.Rad1
Qe5 19.Be3 Qh5 20.Rfe1 Ng4 21.Bh7+ Kh8 22.Be4 b6 23.Qxc6 Ba6 24.Bd3 Rac8
25.Qxb6 Qh2+ 26.Kf1 Rc2 { 0-1, Roettgen Juergen 2194 - Gershon Alik 2556 ,
Hamburg 2001 It (open) } ) ( 9...c6 10.Qc2 h5 11.f3 c5 12.Nce2 Qb6 13.dxc5
Bxc5 14.Nf1 Qd6 15.Bd2 Nc6 16.O-O-O Bd7 17.Kb1 Rac8 18.Bc3 Ne5 19.Nd4 Qb6
20.Ka2 Bxd4 21.Bxd4 Rxc2 22.Bxb6 Nxd3 { 0-1, Nikolaidis Ioannis 2460 -
Aleksandrov Aleksej 2525 , St. Petersburg 1994 Memorial A.Petrov } ) 10.O-O {
} 10...c5 11.Qf3 c4 { N } ( 11...Nb6 12.Nf5 c4 13.Bc2 Bf8 14.e4 dxe4 15.Nxe4
Nxe4 16.Bxe4 g6 17.Nh6+ Bxh6 18.Bxh6 Qh4 19.Bf4 Bg4 20.Qe3 Bf5 21.g3 Qd8 22.f3
Nd5 23.Qc1 Nxf4 24.Qxf4 Qxd4+ 25.Rf2 Bxe4 26.fxe4 Re7 27.Rf1 Rf8 28.Re1 b5
29.h4 Qe5 30.Qf3 Rd8 31.Kh2 { ...0-1, Silva Florencio P - Sunye Neto Jaime
2495 , Sao Paulo 1992 It (open) } ) 12.Bc2 Nb6 13.h3 Be6 14.Bd2 Rc8 15.Rad1
Bb8 16.Rfe1 a6 { ?! } ( 16...Nbd7 { !? } 17.e4 dxe4 18.Ngxe4 Qb6 { } ) 17.Nce2
{ ?! } ( 17.e4 { !? } 17...Bxg3 18.Qxg3 dxe4 19.Nxe4 { } ) 17...Bd7 18.Ba5 Bc7
19.Nc3 Bc6 20.Nf5 g6 21.Ng3 Kg7 22.Qe2 Na8 23.Bxc7 Nxc7 24.f3 h5 25.Qf2 h4
26.Nge2 Qe7 { ?! } ( 26...Nh5 { !? } 27.e4 b5 28.exd5 Nxd5 { } ) 27.e4 dxe4 {
? } ( { ? } 27...Qd8 28.Nf4 g5 29.exd5 Ncxd5 { } ) 28.fxe4 Nxe4 29.Nxe4 Bxe4
30.Nc3 f5 31.d5 Rcd8 32.Nxe4 fxe4 33.Rxe4 Qf8 34.Rf4 Qe7 35.Bxg6 Rf8 36.Bf5 {
} {#r} 1-0

[Event "Tournament (Elo) (a)"]
[Site "masterchessopen.com Budapest (Hungary)"]
[Round "1"]
[White "Bodrogi Laszlo (HUN)"]
[Black "Lakat Gyula (HUN)"]
[Result "1-0"]
[WhiteElo "2085"]
[BlackElo "2001"]

1.d4 Nf6 2.c4 e6 3.Nc3 Bb4 4.e3 O-O 5.Ne2 c5 6.a3 Bxc3+ 7.Nxc3 d5 8.dxc5 a5
9.cxd5 exd5 10.Be2 Be6 11.O-O Qe7 12.Na4 Nbd7 13.Qd4 Ne4 14.b4 axb4 15.axb4
Nb8 16.Bb2 f6 17.b5 Rd8 18.Rfc1 Bf7 19.f3 Ng5 20.c6 Ne6 21.Qb6 bxc6 22.bxc6
Qc7 23.Bd4 Rc8 24.Qxc7 Rxc7 25.Bb6 Rxc6 26.Bb5 Rxc1+ 27.Rxc1 Na6 28.Bxa6 Be8
29.Rc8 {#r} 1-0

[Event "It (open)"]
[Site "masterchessopen.com Marseilles (France)"]
[Round "6"]
[White "Epishin Vladimir (GER)"]
[Black "Solozhenkin Evgeniy (RUS)"]
[Result "1-0"]
[WhiteElo "2599"]
[BlackElo "2501"]

{ Epishin Vladimir (GER) +5 =5 -2 } 1.d4 { 1 } 1...Nf6 2.c4 e6 3.Nc3 Bb4 4.e3
O-O 5.Ne2 d5 6.a3 Be7 7.cxd5 Nxd5 8.Bd2 { ? ? } ( 8.Qc2 Nd7 9.g3 Nxc3 10.Nxc3
e5 11.Bg2 exd4 12.exd4 Bf6 13.Be3 Nb6 14.O-O c6 15.Rad1 Bg4 16.f3 Be6 17.Ne4
Re8 18.Bf2 Bd5 19.Rfe1 Be7 20.Rd2 Bf8 21.Rde2 Re6 22.Nc5 Rxe2 23.Qxe2 Qc7
24.g4 f6 25.Bg3 Qf7 26.h4 Rd8 27.Bh3 g6 { ...1/2-1/2, Corral Blanco Juan
Antonio 2459 - Topalov Veselin 2690 , Cala Galdana 1999 Ch Spain (team) (1
Div) } ) 8...Nd7 ( 8...Nb6 9.Qc2 N8d7 10.g3 c5 11.Bg2 cxd4 12.Nxd4 Nf6 13.Rd1
Qc7 14.O-O Bd7 15.Rc1 Rac8 16.Rfd1 Qb8 17.Qb1 Nc4 18.Be1 b5 19.Ne4 Nd5 20.h4
h6 21.Nc3 Nf6 22.Ne4 Rfd8 23.Nd2 e5 24.N4f3 Bg4 25.Nxc4 Rxd1 26.Rxd1 Rxc4
27.Rc1 Bf5 { 1/2-1/2, Ushenina Anna 2348 - Belikov Vladimir 2494 , Alushta
2003 It (cat.8) } ) ( 8...Nxc3 9.Bxc3 b6 10.Ng3 Bb7 11.Bd3 Nd7 12.O-O c5
13.Qc2 g6 14.Rfd1 Qc7 15.Rac1 Rac8 16.Qb1 Rfd8 17.Bf1 Qb8 18.dxc5 Nxc5
19.Rxd8+ Rxd8 20.b4 Nd7 21.Qb2 Rc8 22.Rd1 Qc7 23.Qd2 Bf6 24.Bxf6 Nxf6 25.Qd4
Kg7 26.e4 e5 27.Qe3 h6 28.f3 { ...0-1, Mamedova Rena 2353 - Kacheishvili
Giorgi 2583 , Cappelle la Grande 2001 It (open) } ) 9.Qc2 Nxc3 { } ( 9...N5f6
10.Rd1 b6 11.Nf4 Bb7 12.Be2 c5 13.O-O cxd4 14.exd4 Bd6 15.Nb5 Bb8 16.Rc1 Be4
17.Bd3 Bxd3 18.Qxd3 a6 19.Nc3 Re8 20.Rfd1 Nf8 21.d5 e5 22.Nfe2 e4 23.Qh3 Ng6
24.Be3 Bd6 25.Na4 b5 26.Nc5 Rc8 27.b4 h6 28.Rc3 Rc7 29.Nxa6 { ...1/2-1/2,
Volkov Sergey 2575 - Korchnoi Viktor 2676 , Batumi 1999 Ch Europe (team) } ) (
9...c5 10.Nxd5 exd5 11.Nf4 cxd4 12.Nxd5 dxe3 13.Nxe3 Nf6 14.Bd3 Be6 15.O-O Bd6
16.Bc3 Qc8 17.Rac1 { 1/2-1/2, Petrosian Tigran V 2615 - Korchnoi Viktor 2695 ,
Velden 1980 Ch World (match) (cand.) (1/4) } ) ( 9...Re8 10.Ng3 c5 11.dxc5
Nxc5 12.b4 Nd7 13.Bd3 N5f6 14.O-O Ne5 15.Be2 Bd7 16.f4 Ng6 17.e4 Rc8 18.Be3 e5
19.f5 Nf4 20.Bf3 a5 21.Qb3 axb4 22.axb4 Qc7 23.Nce2 Bb5 24.Rfc1 Bc4 25.Qb1 Nd3
26.Rc3 Nxb4 27.Nf1 Qd7 28.Ra5 Nc6 29.Ra1 { ...0-1, Makarov Marat 2370 -
Taimanov Mark E 2480 , Belgrade 1988 } ) 10.Bxc3 { N ^254 ^00 ^00 ^00 ^04 !? }
( 10.Nxc3 e5 ( 10...c5 11.dxc5 Nxc5 12.b4 Nd7 13.Be2 Nf6 14.O-O Bd7 15.Rfd1
Qb8 16.Qb3 Rd8 17.a4 Be8 18.b5 Qe5 19.Bf3 Rd7 20.Be1 Rad8 21.Rdc1 h5 22.Ne2
Ng4 23.Ng3 Bd6 24.h3 Nf6 25.Bc3 Qg5 26.Bxf6 Qxf6 27.Ne4 Qe5 28.Nxd6 Qxd6
29.Bxh5 Qe5 { ...1-0, Volkov Sergey 2605 - Tunik Gennady 2480 , St. Petersburg
1998 Memorial M.Chigorin (open) } ) 11.d5 ( 11.dxe5 Nxe5 12.Be2 Bg4 13.Bxg4
Nxg4 14.Rd1 c6 15.h3 Nf6 16.O-O Qc8 17.Ne2 Re8 18.Bc1 a5 19.b3 Qe6 20.Bb2 Rad8
{ 1/2-1/2, Filip Miroslav 2465 - Bobotsov Milko G 2405 , Wijk aan Zee 1970 It
} ) 11...Nf6 12.e4 Bd7 13.Bb5 Bxb5 14.Nxb5 Qd7 15.Nc3 Bc5 16.O-O Rac8 17.Bg5
Ne8 18.Na4 Bd4 19.Nc5 Bxc5 20.Qxc5 Nd6 21.Rfe1 b6 22.Qc2 c5 23.dxc6 Rxc6
24.Qd3 h6 25.Bd2 Rd8 26.Bc3 Nc4 27.Qxd7 Rxd7 28.f3 f6 29.a4 Rcd6 { ...1/2-1/2,
Slutzky Leonid 2375 - Tiviakov Sergei 2615 , Amsterdam 1996 Memorial J.Donner
(open) } ) 10...b6 11.Ng3 Bb7 12.Rd1 Re8 13.e4 Nf8 14.Bc4 c6 15.O-O a5 16.a4
Ba6 17.Bxa6 Rxa6 18.f4 Ra7 19.f5 Rd7 20.e5 exf5 21.Qxf5 Bg5 22.Ne4 Ne6 23.Rd3
Rf8 24.Rdf3 { ?! } ( 24.Nd6 { !? } 24...Nc7 25.Rg3 Ne6 26.Rh3 { } ) 24...Be7
25.Qg4 { ?! } ( 25.Rh3 { !? } 25...g6 26.Qf2 Rd5 27.Qe3 { } ) 25...Nxd4 26.Rg3
Ne6 27.Qh5 { ?! } ( 27.Nd6 { !? } 27...b5 28.b3 bxa4 29.bxa4 { } ) 27...h6 { ?
} ( { ? } 27...Rd3 28.Nf6+ Bxf6 29.exf6 Rxg3 { } ) 28.Nf6+ Bxf6 { ?? } ( { ? }
28...Kh8 29.Nxd7 Qxd7 30.Rd1 Bc5+ { } ) 29.exf6 { } {#r} 1-0